Conversations in human evolution. Volume 2 /
This second volume reports another twenty interviews with scholars at the forefront of human evolution research, covering the broad scientific themes of Palaeolithic archaeology, palaeoanthropology and biological anthropology, earth science and palaeoclimatic change, evolutionary anthropology and pr...
مؤلفون آخرون:
التنسيق: كتاب الكتروني
اللغة: English
منشور في:
Oxford :
Archaeopress Publishing Ltd,
2021.
سلاسل:
Access archaeology.
الموضوعات:
الوصول للمادة أونلاين: Login to view Source
الوسوم: إضافة وسم
رقم الطلب: GN281
| LEADER | 01912nam a2200421 i 4500 | ||
|---|---|---|---|
| 001 | EDZ0002540174 | ||
| 003 | StDuBDS | ||
| 005 | 20230412183111.0 | ||
| 006 | m|||||o||d|||||||| | ||
| 007 | cr ||||||||||| | ||
| 008 | 210517s2021 enka fob 000|0|eng|d | ||
| 020 | |a 9781789699487 (PDF ebook) : |c No price | ||
| 040 | |a StDuBDS |b eng |c StDuBDS |e rda |e pn | ||
| 050 | 4 | |a GN281 | |
| 082 | 0 | 4 | |a 599.938 |2 23 |
| 245 | 0 | 0 | |a Conversations in human evolution. |n Volume 2 / |c edited by Lucy Timbrell. |
| 264 | 1 | |a Oxford : |b Archaeopress Publishing Ltd, |c 2021. | |
| 300 | |a 1 online resource (ii, 126 pages) : |b illustrations (black and white, and colour). | ||
| 336 | |a text |2 rdacontent | ||
| 336 | |a still image |2 rdacontent | ||
| 337 | |a computer |2 rdamedia | ||
| 338 | |a online resource |2 rdacarrier | ||
| 490 | 1 | |a Access archaeology | |
| 500 | |a Also issued in print: 2021. | ||
| 500 | |a "Available in both print and Open Access"--Homepage. | ||
| 504 | |a Includes bibliographical references. | ||
| 506 | 0 | |a Open access. | |
| 520 | 8 | |a This second volume reports another twenty interviews with scholars at the forefront of human evolution research, covering the broad scientific themes of Palaeolithic archaeology, palaeoanthropology and biological anthropology, earth science and palaeoclimatic change, evolutionary anthropology and primatology, and human disease co-evolution. | |
| 521 | |a Specialized. | ||
| 588 | |a Description based on online resource; title from PDF title page (viewed on July 16, 2021). | ||
| 650 | 0 | |a Human evolution. | |
| 700 | 1 | |a Timbrell, Lucy, |e editor. | |
| 776 | 0 | 8 | |i Print version : |z 9781789699470 |
| 830 | 0 | |a Access archaeology. | |
| 856 | 4 | 0 | |3 Archaeopress |u http://library.arce.org:8087/Archaeopress/Products/9781789699470 |
| 942 | |2 lcc |c EBOOK | ||
| 952 | |0 0 |1 0 |4 0 |6 GN0281 |7 1 |9 46834 |a ARCH |b ARCH |d 2023-04-12 |l 0 |o GN281 |r 2023-04-12 00:00:00 |w 2023-04-12 |y EBOOK | ||
| 999 | |c 52492 |d 52492 | ||
